000 01969nam0a2200373 4500
001 RU\NLR\bibl\1483120
005 20250616010159.0
021 _aRU
_b2010-652
_936
035 _a(NLR Aleph) 001474748
090 _a1666043
_c1666043
100 _a20100127d2009 |||y0rusy50 ca
101 0 _arus
102 _aRU
105 _aa |||||||||
200 1 _aАутоагрессия в семьях больных опийной наркоманией
_fР.В. Бисалиев, Т.Н. Дудко, М.А. Сараев
_gГос. образоват. учреждение высш. проф. образования "Астрах. гос. мед. акад. Федер. агентства по здравоохранению и социал. развитию"
210 _aАстрахань
_cИзд-во Астраханской государственной медицинской академии
_d2009
215 _a146, [1] с.
_cил.
_d20
300 _aВ конце кн. авт.: Р.В. Бисалиев, к.м.н., Т.Н. Дудко, д.м.н., М.А. Сараев, врач психиатр-нарколог
320 _aБиблиогр.: с. 131-145 (151 назв.)
606 1 _aОпийные наркомании
_9930939
_3RU\NLR\auth\6624195
606 1 _aНаркоманы
_xАутоагрессивность при опийных наркоманиях
_92488173
_3RU\NLR\auth\661476565
686 _aР645.021.13-7,07
_2rubbk
686 _aР645.13-32
686 _aЮ967
700 1 _4070
_aБисалиев
_bР. В.
_gРафаэль Валерьевич
_9139129
_3RU\NLR\AUTH\770139164
701 1 _aДудко
_bТ. Н.
_gТарас Николаевич
_4070
701 1 _aСараев
_bМ. А.
_gМарат Амангельдыевич
_4070
801 0 _aRU
_bRuMoRGB
_c20100127
_grcr
801 1 _aRU
_bRuMoRGB
_c20100127
801 2 _aRU
_bNLR
_c20100310
_grcr
830 _aавт. по кн.
942 _cBOOK
980 _aNB